El pensamiento político de Simón bolívar. (Registro nro. 15004)
[ vista simple ]
| 000 -CABECERA | |
|---|---|
| campo de control de longitud fija | 00357nab a22001337a 4500 |
| 001 - NÚMERO DE CONTROL | |
| campo de control | T027600011252-06 |
| 008 - DATOS DE LONGITUD FIJA--INFORMACIÓN GENERAL | |
| campo de control de longitud fija | 190830b xxu||||| |||| 00| 0 esp | |
| 040 ## - FUENTE DE LA CATALOGACIÓN | |
| Centro catalogador/agencia de origen | FEVP |
| Centro/agencia transcriptor | FEVP |
| 100 ## - ENTRADA PRINCIPAL--NOMBRE DE PERSONA | |
| Nombre de persona | Bolívar Meza, Rosendo. |
| 245 ## - MENCIÓN DE TÍTULO | |
| Título | El pensamiento político de Simón bolívar. |
| 300 ## - DESCRIPCIÓN FÍSICA | |
| Extensión | pp. 125-144 |
| 650 ## - PUNTO DE ACCESO ADICIONAL DE MATERIA--TÉRMINO DE MATERIA | |
| Término de materia o nombre geográfico como elemento de entrada | Planificación Cultural--Venezuela |
| 942 ## - ELEMENTOS DE PUNTO DE ACCESO ADICIONAL (KOHA) | |
| Tipo de ítem Koha | Analítica |
| Estado de retiro | Estado de pérdida | Estado dañado | No para préstamo | Localización permanente | Ubicación/localización actual | Fecha de adquisición | Total de préstamos | Fecha visto por última vez | Número de copia | Precio válido a partir de | Tipo de ítem Koha |
|---|---|---|---|---|---|---|---|---|---|---|---|
| Oscar Varsavsky | Oscar Varsavsky | 02.09.2019 | 02.09.2019 | e.1 | 02.09.2019 | Analítica |